| 000 | 00640nam a22001697a 4500 | ||
|---|---|---|---|
| 008 | 211103b ||||| |||| 00| 0 eng d | ||
| 020 | _a9004137513 | ||
| 020 | _a9789004137516 | ||
| 050 |
_aBS1275.2 _b.V45 2004 |
||
| 100 | _aVenema, G. J. | ||
| 245 |
_aReading Scripture in the Old Testament : _b Deuteronomy 9-10, 31, 2 Kings 22-23, Jeremiah 36, Nehemiah 8 / _cby G.J. Venema. |
||
| 260 |
_aLeiden ; _aNew York : _bBrill, _c2004. |
||
| 300 |
_avii, 272 p. ; _c25 cm. |
||
| 500 | _aIncludes bibliographical references (p. [233]-258) and indexes. | ||
| 650 |
_aBible. Old Testament _xCriticism, interpretation, |
||
| 942 |
_2lcc _cBK |
||
| 999 |
_c57123 _d57123 |
||